000 00254nam a22001097a 4500
041 _aENG
100 _aDick
245 _aOvercoming Water Scarcity and Quality Constraints
260 _aWashington
_bFOCUS
_c2001
650 _aIDE ( 05 )
856 _uIDE ( 05 )
999 _c2807
_d2807